| 000 | 01667cam a22001818i 4500 | ||
|---|---|---|---|
| 999 |
_c38277 _d38277 |
||
| 020 | _a9780367194581 | ||
| 020 | _a9781032158716 | ||
| 082 | 0 | 0 |
_a338.4337 _bROU- |
| 245 | 0 | 4 |
_aThe Routledge handbook of the economics of education / _cedited by Brian P. McCall. |
| 260 |
_aNewyork: _bRoutledge, _c2022. |
||
| 300 | _axviii,598p. | ||
| 504 | _aIncludes bibliographical references and index. | ||
| 520 | _a"The economics of education is a burgeoning area of study, employing increasingly sophisticated analytical tools to answer questions with high societal impact. Thus, the aim of this handbook is to provide readers with an up-to-update overview of the current state of the field of the economics of education and its main areas of research. This comprehensive handbook provides an authoritative overview of key theoretical and policy areas, covering topics like econometric methods for education economics, returns to education, competition in education provision, education and economic growth, and education and inequality. It reviews the current state of research from early childhood through post-graduate education as well as adult education and life-long learning. Offering a truly international perspective, the handbook benefits from a global group of contributors and attention to both developed and developing country contexts. The Routledge Handbook of the Economics of Education will be a valuable resource for advanced students, researchers and policymakers across economics, education, and public policy"-- | ||
| 650 | 0 |
_aEducation _xEconomic aspects. |
|
| 650 | 0 | _aStudents-Education | |
| 700 | 1 |
_aMcCall, Brian Patrick, _eeditor. |
|
| 942 |
_2ddc _cBK |
||